000 00475nam a2200169Ia 4500
008 240729s9999 xx 000 0 und d
022 _a1549-5787
245 0 _aProbability Surveys
260 _aUnited States
260 _bInstitute of Mathematical Statistics
650 _a Mathematics
650 _a Probabilities. Mathematical statistics
650 _aScience
856 _uhttps://doaj.org/toc/1866f9e4b031450bbc9b1e225901ffac
942 _2ddc
942 _cDOAJEJ
999 _c69620
_d69620
945 _a1
_bMadushi Gamage
_c1
_dMadushi Gamage